书目信息 |
| 题名: |
临渊无惧
|
|
| 作者: | 骆汉城 著 | |
| 分册: | ||
| 出版信息: | 北京 中国社会科学出版社 2003.08 |
|
| 页数: | 309页, [2] 页图版 | |
| 开本: | 19cm | |
| 丛书名: | 行者悟语 图文丛书 | |
| 单 册: | ||
| 中图分类: | I253.9 | |
| 科图分类: | ||
| 主题词: | 纪实文学--ji shi wen xue--中国--现代 | |
| 电子资源: | ||
| ISBN: | 7-5004-3807-9 | |
| 000 | 01311nam 2200325 450 | |
| 001 | 012008117578 | |
| 005 | 20080422144942.60 | |
| 010 | @a7-5004-3807-9@dCNY32.00 (随书赠VCD1张) | |
| 100 | @a20080422d2003 km y0chiy0120 ea | |
| 101 | 0 | @achi |
| 102 | @aCN@b110000 | |
| 105 | @aabf z 000by | |
| 106 | @ar | |
| 200 | 1 | @a临渊无惧@Alin yuan wu ju@e天坑科考探险纪实@f骆汉城著@Fluo han cheng zhu |
| 210 | @a北京@c中国社会科学出版社@d2003.08 | |
| 215 | @a309页, [2] 页图版@c图 (部分彩图), 地图@d19cm | |
| 225 | 2 | @a行者悟语 图文丛书@Axing zhe wu yu tu wen cong shu |
| 307 | @a赠送的光盘:探索:神秘的地下世界 | |
| 312 | @a英文并列题名取自封面。 | |
| 320 | @a有书目(第309页) | |
| 330 | @a2001年,经过数月的考察,中国科学院和中国洞穴协会的专家们最终确定,我国广西乐业天坑群是世界规模最大的天坑群,其中最大的大石围天坑底部分布的原始森林面积为世界第一,本书记载了整个考察过程。 | |
| 410 | 0 | @12001 @a行者悟语 图文丛书 |
| 510 | 1 | @aSecret of deep dolines@zeng |
| 517 | 1 | @a天坑科考探险纪实@Atian keng ke kao tan xian ji shi |
| 606 | 0 | @a纪实文学@Aji shi wen xue@y中国@z现代 |
| 607 | @a大石围天坑溶洞群@Ada shi wei tian keng rong dong qun@y广西省@x科学探索 | |
| 690 | @aI253.9@v4 | |
| 701 | 0 | @a骆汉城@Aluo han cheng@4著 |
| 801 | 0 | @aCN@bQSSK@c20080422 |
| 905 | @b20701048-50@dI253.9@eL990@f3 | |
| 临渊无惧:天坑科考探险纪实/骆汉城著.-北京:中国社会科学出版社,2003.08 |
| 309页, [2] 页图版:图 (部分彩图), 地图;19cm.-(行者悟语 图文丛书) |
| ISBN 7-5004-3807-9:CNY32.00 (随书赠VCD1张) |
| 2001年,经过数月的考察,中国科学院和中国洞穴协会的专家们最终确定,我国广西乐业天坑群是世界规模最大的天坑群,其中最大的大石围天坑底部分布的原始森林面积为世界第一,本书记载了整个考察过程。 |
| ● |
| 相关链接 |
|
|
|
正题名:临渊无惧
索取号:I253.9/L990
 
预约/预借
| 序号 | 登录号 | 条形码 | 馆藏地/架位号 | 状态 | 备注 |
| 1 | 701048 | 207010483 | 文学库108/108文学库 68排11列4层/ [索取号:I253.9/L990] | 在馆 | |
| 2 | 701049 | 207010492 | 社科二线422/422社科库 28排2列2层/ [索取号:I253.9/L990] | 在馆 | |
| 3 | 701050 | 207010508 | 文学库108/108文学库 68排11列4层/ [索取号:I253.9/L990] | 在馆 |